00709nam a22002057a 450000500170000001000150001702000260003203500140005803700090007208200080008110000240008924500550011325000060016826000450017427000670021930000200028694200220030699900190032895201560034720260416122052.0 aENG-148263 a9780199480388c450.00 aEN-131795 bDBAD a150 aJahanbegloo, Ramin  aLetters to a Young Philosopher/cRamin Jahanbegloo a1 aNew DelhibOxford University Pressc2018 a2/11 GrounD Floor, Ansari Road, Darya GanjbNew Delhi e110002 a152p.c19cm(hb) 2ddccENh150mJAH c215909d215909 001040718NFICaDBADbDBADd2026-04-16eDelivery of Books Act Divisiong450.00l0o150 JAHpEN-131795r2026-04-16 12:21:21t1v450.00w2026-04-16yEN